000
00248nam a22000857a 4500
008
160708b xxu||||| |||| 00| 0 eng d
100
_9
2426
_a
Nature Cure
245
_a
Nature Cure for Diabetes
260
_a
New Delhi
_b
Nature Cure Yoga Health Centre
_c
1993
999
_c
2101
_d
2101